000
00281pam a2200133 a 4500
020
_c
041
_h
082
_a
606
_b
HEA
100
_a
Head, F.D.
245
_a
Meetings
_h
Textual Documents
260
_a
London
_b
Sir Isaac Pitman And Sons
300
_a
247/CB
930
_a
5169
999
_c
111999
_d
111999